| 000 | 00998cas a22003257a 4500 | ||
|---|---|---|---|
| 005 | 20220329142305.0 | ||
| 008 | 000516c1979 uk zr pernn 0 b1eng d | ||
| 010 | _a81141 | ||
| 011 | _a82113 | ||
| 022 | _a0308-8480 | ||
| 035 | _a92599 | ||
| 245 | 0 | 0 |
_aCAB News _c/by Commonwealth Agricultural Bureaux |
| 260 | 0 |
_aOxon, England : _bCommonwealth Agricultural Bureaux, _c1979- |
|
| 300 | _av. | ||
| 310 | _aIrregular | ||
| 362 | _aFebrero 1995 | ||
| 590 |
_aBATCH-UPD _b10 _c20130110 _lUCH01 _h2356 |
||
| 590 |
_aBATCH-UPD _b10 _c20130410 _lUCH01 _h1643 |
||
| 590 |
_aCONVERSION _b10 _c20130109 _lUCH01 _h1345 |
||
| 650 | 1 | 4 |
_aAgricultura _xInvestigacion _xPublicaciones periodicas. _91661 |
| 866 | _aFeb. (1995) | ||
| 866 | _aJun,Dic. (1993) | ||
| 866 | _aJun,Nov. (1940) | ||
| 866 | _aJun. (1994) | ||
| 866 | _aMay,Jun,Dic. (1992) | ||
| 866 | _an.4-7 (1979-1980) | ||
| 866 | _an.9-15 (1980-1982) | ||
| 901 | _aSE | ||
| 905 | _aLilia Sánchez G. | ||
| 999 |
_c81141 _d81141 |
||